| 000 | 01339nam a22004690a 4500 | ||
|---|---|---|---|
| 001 | PT23597 | ||
| 003 | AR-LpoUNG | ||
| 005 | 20210131233150.0 | ||
| 008 | 191001s2006||||ag |||||||||||||||||spa d | ||
| 020 |
_a987050650X _c$2.8 |
||
| 040 |
_aAR-LpoUNG _bspa _cAR-LpoUNG _eaacr |
||
| 041 | _aspa | ||
| 044 | _aag | ||
| 082 | 0 | _a982.065 446neg | |
| 100 | 1 | _aCerolini, Pablo Enrique | |
| 245 | 1 | 3 |
_aEn negro y blanco : _bfotografías del Cordobazo al juicio a las juntas |
| 250 | _a1ra ed. | ||
| 260 |
_aBuenos Aires : _bSecretaría de Cultura, _c2006. |
||
| 300 |
_a189 p. : _bfot. |
||
| 520 | _a<p>Posa su mirada sobre el período de la historia argentina que va desde el Cordobazo hasta el juicio de las Juntas.</p> | ||
| 650 | 4 | _aANALISIS HISTORICO | |
| 650 | 4 | _aARGENTINA | |
| 650 | 4 | _aASPECTOS POLITICOS | |
| 650 | 4 | _aAUTORITARISMO | |
| 650 | 4 | _aCONCIENTIZACION | |
| 650 | 4 | _aDEMOCRACIA | |
| 650 | 4 | _aDICTADURA | |
| 650 | 4 | _aFOTOGRAFIA | |
| 650 | 4 | _aFOTOS | |
| 650 | 4 | _aFUERZAS ARMADAS | |
| 650 | 4 | _aGOBIERNO MILITAR | |
| 650 | 4 | _aVIOLENCIA | |
| 651 | 4 | _aArgentina | |
| 653 | _aDESAPARECIDOS | ||
| 653 | _aMAES | ||
| 653 | _aMEMORIA COLECTIVA | ||
| 653 | _aPROYECTO CULTURA SOLIDARIA | ||
| 653 | _aREPRESION | ||
| 710 | 2 | _aArgentina. Secretaría de Cultura | |
| 905 | _a23597 | ||
| 942 | _cLIB | ||
| 999 |
_c19519 _d19519 |
||